000 00432nam a2200181Ia 4500
001 3361
005 20260306145638.0
008 260306t2005||||xx |||||||||||||| ||spa||
041 _aESP
082 _a270.1
_bC28 V. 5
100 _aCarroll, Warren H.
_eAUT
245 4 _aThe revolution against christendom
260 _c2005
300 _a455 páginas :
_c23 cm.
650 _aGEN
654 _aCHU
942 _cLIB
_dJUS
_fJUS
_2ddc
_n
999 _c3361
_d3361